Normal view MARC view

Entry Personal Name

Number of records used in: 2

001 - CONTROL NUMBER

  • control field: 85704

003 - CONTROL NUMBER IDENTIFIER

  • control field: dpl

005 - DATE AND TIME OF LATEST TRANSACTION

  • control field: 20251121121058.0

008 - FIXED-LENGTH DATA ELEMENTS

  • fixed length control field: 251121|| aca||aabn | a|a d

040 ## - CATALOGING SOURCE

  • Original cataloging agency: dpl
  • Transcribing agency: dpl

100 ## - HEADING--PERSONAL NAME

  • Personal name: Chellappan, K

670 ## - SOURCE DATA FOUND

  • Source citation: Work cat.: (dpl)213784: Chellappan, K. , The World as a Stage : , 2016

© Delhi Public Library
Hit Counter
free hit counter